MARC

LEADER 00000nam0a2200000 4500
001 96983
005 20231101214112.0
035 |a (RuTPU)RU\TPU\book\103914 
090 |a 96983 
100 |a 20060522d1965 km y0rusy50 ca 
101 0 |a rus 
102 |a RU 
105 |a a z 001zy 
200 1 |a Теория струй вязкой жидкости  |f Л. А. Вулис, В. П. Кашкаров 
210 |a Москва  |c Наука  |d 1965 
215 |a 432 с.  |c ил. 
320 |a Библиогр.: с. 414-429. 
606 1 |a Струйные течения  |x (гидродинамика)  |2 stltpush  |3 (RuTPU)RU\TPU\subj\57951  |9 75797 
610 1 |a гидродинамика 
610 1 |a вязкие жидкости 
610 1 |a струйные течения 
610 1 |a ламинарные течения 
610 1 |a жидкости 
610 1 |a газы 
610 1 |a турбулентные струи 
610 1 |a аэродинамика 
675 |a 532.52  |v 3 
700 1 |a Вулис  |b Л. А.  |g Лев Абрамович 
701 1 |a Кашкаров  |b В. П.  |g Василий Петрович 
801 1 |a RU  |b 63413507  |c 20060522  |g PSBO 
801 2 |a RU  |b 63413507  |c 20180528  |g PSBO 
942 |c BK